LEADER 03308nam 2200469z- 450 001 9910261140603321 005 20210211 035 $a(CKB)4100000002484686 035 $a(oapen)https://directory.doabooks.org/handle/20.500.12854/50010 035 $a(oapen)doab50010 035 $a(EXLCZ)994100000002484686 100 $a20202102d2017 |y 0 101 0 $aeng 135 $aurmn|---annan 181 $ctxt$2rdacontent 182 $cc$2rdamedia 183 $acr$2rdacarrier 200 00$aThe Impact of Microorganisms on Consumption of Atmospheric Trace Gases 210 $cFrontiers Media SA$d2017 215 $a1 online resource (201 p.) 225 1 $aFrontiers Research Topics 311 08$a2-88945-326-X 330 $aGases with a mixing ratio of less than one percent in the lower atmosphere (i.e. the troposphere) are considered as trace gases. Numerous of these trace gases originate from biological processes in marine and terrestrial ecosystems. These gases are of relevance for the climate as they contribute to global warming or to the troposphere's chemical reactive system that builds the ozone layer or they impact on the stability of aerosols, greenhouse, and pollutant gases. These reactive trace gases include methane, a multitude of volatile organic compounds of biogenic origin (bVOCs) and inorganic gases such as nitrogen oxides or ozone. The regulatory function of microorganisms for trace gas cycling has been intensively studied for the greenhouse gases nitrous oxide and methane, but is less well understood for microorganisms that metabolize molecular hydrogen, carbon monoxide, or bVOCs. The studies compiled in this Research Topic reflect this very well. While a number of articles focus on nitrous oxide and methane or carbon monoxide oxidation, only a few articles address conversion processes of further bVOCs. The Research Topic is complemented by three review articles about the consumption of methane and monoterpenes, as well as the role of the phyllosphere as a particular habitat for trace gas-consuming microorganisms, and point out future research directions in the field. The presented scientific work illustrates that the field of microbial regulation of trace glas fluxes is still in its infancy when one broadens the view on gases beyond methane and nitrous oxide. However, there is a societal need to better predict global dynamics of trace gases that impact on the functionality and warming of the troposphere. Upcoming modelling approaches will need further information on process rates, features and distribution of the driving microorganisms to fulfill this demanding task. 606 $aMicrobiology (non-medical)$2bicssc 610 $abVOCs 610 $acarbon monoxide 610 $adenitrification 610 $amethane 610 $amethanotroph 610 $anitrous oxide 610 $aphyllosphere 610 $atrace gases 610 $avolatile organic compounds 615 7$aMicrobiology (non-medical) 700 $aClaudia Knief$4auth$01326382 702 $aJ. Colin Murrell$4auth 702 $aMarcus A. Horn$4auth 702 $aSteffen Kolb$4auth 906 $aBOOK 912 $a9910261140603321 996 $aThe Impact of Microorganisms on Consumption of Atmospheric Trace Gases$93037407 997 $aUNINA LEADER 01325nam 2200409z- 450 001 9910629378103321 005 20221213110055.0 035 $a(CKB)5840000000090352 035 $a(EXLCZ)995840000000090352 100 $a20220921c2021uuuu -u- - 101 0 $aita 200 10$aAl calar Della notte $eluce e tenebre nel teatro di Mozart /$fMarco Jacoviello 210 $cLIM - Libreria Musicale Italiana 311 08$a88-5543-084-X 330 $aA study of nocturnal character in the operas of Mozart, particularly those composed on librettos by Da Ponte. With an introduction. 517 $aCalar della notte 606 $aCharacters and characteristics in opera 606 $aNight people 606 $aNoctambules 606 $aCharacters and characteristics in opera$2fast 606 $aNight people$2fast 606 $aOper$2gnd 606 $aNacht$gMotiv$2gnd 615 0$aCharacters and characteristics in opera. 615 0$aNight people. 615 6$aNoctambules. 615 7$aCharacters and characteristics in opera. 615 7$aNight people. 615 7$aOper. 615 7$aNacht 676 $a780 686 $aMUS$qDE-12$2fid 700 $aJacoviello$b Marco$01022566 906 $aBOOK 912 $a9910629378103321 996 $aAl calar Della notte$94153917 997 $aUNINA